| 000 | 00845 a2200253 4500 | ||
|---|---|---|---|
| 003 | OSt | ||
| 005 | 20180116192357.0 | ||
| 008 | 120606t xxu||||| |||| 00| 0 eng d | ||
| 010 | _a 95012470 | ||
| 020 | _a0631191879 | ||
| 020 | _a0631191887 (pbk.) | ||
| 040 | _c0 | ||
| 082 | 0 | 0 | _a307.76 |
| 100 | 1 |
_aLefebvre, Henri, _94132 |
|
| 245 | 1 | 0 |
_aWritings on cities / _cHenri Lefebvre ; selected, translated, and introduced by Eleonore Kofman and Elizabeth Lebas. |
| 260 |
_aCambridge, Mass, USA : _bBlackwell Publishers, _c1996. |
||
| 300 |
_avi, 250 p. ; _c24 cm. |
||
| 500 | _aTranslated from the French. | ||
| 650 | 0 |
_aCities and towns. _94133 |
|
| 700 | 1 |
_aKofman, Eleonore. _94134 |
|
| 700 | 1 |
_aLebas, Elizabeth. _94135 |
|
| 942 |
_aSADA _cBK _k307.76 LEF 1996 _2ddc |
||
| 999 |
_c353171 _d353171 |
||